[Event "ch-Frankfurt A"]
[White "Krause, Jonah"]
[Black "Steudel, Max"]
[Site "Frankfurt"]
[Result "1-0"]
[Round "7.1"]
[WhiteElo "2374"]
[BlackElo "2031"]
[PlyCount "300"]
[Date "2024.06.17"]
[Time "18:30:00"]
[WhiteTeam "FC ST.Pauli 1910 eV SAbt"]
[BlackTeam "SC Brett vorm Kopp Ffm"]

1. d4 d5 2. c4 c6 3. Nc3 Nf6 4. e3 g6 5. Nf3 Bg7 6. Be2 O-O 7. O-O dxc4 8. Bxc4 Bg4 
9. Be2 Nbd7 10. e4 Bxf3 11. Bxf3 e5 12. d5 cxd5 13. Nxd5 Nc5 14. Bg5 Ne6 15. Be3 
Nxd5 16. Qxd5 Qxd5 17. exd5 Nd4 18. Rac1 Rac8 19. d6 Rcd8 20. Rc7 Rxd6 21. Rxb7 
a6 22. b4 Rc8 23. a4 f5 24. b5 axb5 25. axb5 e4 26. Bd1 Rc5 27. Bf4 Be5 28. Bxe5 
Rxe5 29. Ba4 Kf8 30. Re1 Re7 31. Rb8+ Kg7 32. b6 Ree6 33. b7 Rb6 34. Rd8 Nf3+ 35. 
gxf3 Rxb7 36. fxe4 fxe4 37. Rd7+ Rxd7 38. Bxd7 Rd6 39. Bh3 Rd4 40. Bg2 h5 41. Bxe4 
Kf6 42. Kg2 Rb4 43. h4 Rb2 44. Rb1  1-0

[Event "ch-Frankfurt A"]
[White "Reschke, Thomas"]
[Black "Neukirchner, Pascal"]
[Site "Frankfurt"]
[Result "1/2-1/2"]
[Round "7.2"]
[WhiteElo "2103"]
[BlackElo "2230"]
[PlyCount "300"]
[Date "2024.06.17"]
[Time "18:30:00"]
[WhiteTeam "SC Frankfurt-West"]
[BlackTeam "SK Gründau"]

1. c4 Nf6 2. g3 g6 3. Bg2 Bg7 4. Nc3 O-O 5. e4 d6 6. Nge2 c5 7. O-O Nc6 8. d3 Rb8 
9. h3 Ne8 10. Be3 Nc7 11. d4 b5 12. Nxb5 Nxb5 13. cxb5 Rxb5 14. Rb1 Qb6 15. d5 Nd4 
16. b3 Nxe2+ 17. Qxe2 a5 18. Rfc1 Qb8 19. Bf1 Rb6 20. Qe1 Qa8 21. a4 f5 22. Bd2 
fxe4 23. Bxa5 Rb8 24. Bc3 e5 25. dxe6 Bxe6 26. Bxg7 Kxg7 27. Bg2 Rb4 28. Rb2 Rd4 
29. b4 Rb8 30. Qc3 Qd5 31. bxc5 Rxb2 32. Qxb2 dxc5 33. Re1 Kf7 34. Qb8 Rd1  1/2-1/2

[Event "ch-Frankfurt A"]
[White "Rudolph, Peter"]
[Black "Engel, Manfred"]
[Site "Frankfurt"]
[Result "1/2-1/2"]
[Round "7.3"]
[WhiteElo "2119"]
[BlackElo "2234"]
[PlyCount "300"]
[Date "2024.06.17"]
[Time "18:30:00"]
[WhiteTeam "SK 1858 Gießen"]
[BlackTeam "SC Frankfurt-West"]

1. e4 c5 2. Nf3 Nc6 3. d4 cxd4 4. Nxd4 g6 5. Nc3 Bg7 6. Be3 Nf6 7. Bc4 O-O 8. Bb3 
a5 9. f3 d5 10. Nxc6 bxc6 11. exd5 Nxd5 12. Nxd5 cxd5 13. c3 e6 14. O-O Ba6 15. 
Rf2 Qc7 16. Rc1 Rfd8 17. Ba4 Bc4 18. Rd2 Be5 19. g3 Rab8 20. Bd4 Bxd4+ 21. cxd4 
Qb6 22. b3 Bb5 23. Bxb5 Qxb5 24. Rc5 Qb4 25. Rdc2 a4 26. R5c3 axb3 27. Rxb3 Qa5 
28. Rxb8 Rxb8 29. Kg2 Qb4 30. Qd2 Qxd2+ 31. Rxd2 Ra8 32. Kf2 Ra3 33. Ke2 h5 34. 
h4 Kg7 35. Kf2 Kf6 36. Kg2 Kf5 37. Kf2 f6 38. Kg2 g5 39. hxg5 fxg5 40. Re2 Kf6 41. 
Rd2 e5 42. dxe5+ Kxe5 43. f4+ gxf4 44. gxf4+ Kxf4 45. Rxd5 Rxa2+ 46. Kh3  1/2-1/2

[Event "ch-Frankfurt A"]
[White "Rabiya, Karim"]
[Black "Foerster-Yialamas, Lucas"]
[Site "Frankfurt"]
[Result "0-1"]
[Round "7.4"]
[WhiteElo "1841"]
[BlackElo "2116"]
[PlyCount "300"]
[Date "2024.06.17"]
[Time "18:30:00"]
[WhiteTeam "SK Niederbrechen 1948"]
[BlackTeam "Sabt Frankfurter TV 1860"]

1. e4 c5 2. Nf3 d6 3. d4 cxd4 4. Nxd4 Nf6 5. Nc3 a6 6. Bg5 e6 7. f4 Qb6 8. Qd2 Qxb2 
9. Rb1 Qa3 10. f5 Be7 11. fxe6 fxe6 12. Bc4 h6 13. Bxe6 Nc6 14. Bxc8 Rxc8 15. Be3 
Na5 16. Nb3 Nc4 17. Qc1 Nxe3 18. Qxe3 Qb4 19. O-O Qxc3 20. Qxc3 Rxc3 21. Nd4 b5 
22. a4 Rc4 23. c3 Rxa4 24. Ne6 Kf7 25. Nd4 Rc8 26. Rbe1 Rxc3 27. Nf5 Rc5 28. g4 
Re5 29. h4 Raxe4 30. Rxe4 Rxe4  0-1

[Event "ch-Frankfurt A"]
[White "Brehme, Ralf-Peter"]
[Black "McAdam, Mark, Dr."]
[Site "Frankfurt"]
[Result "0-1"]
[Round "7.5"]
[WhiteElo "1952"]
[BlackElo "1995"]
[PlyCount "300"]
[Date "2024.06.17"]
[Time "18:30:00"]
[WhiteTeam "Vorw.Orient Mainz"]
[BlackTeam "SC Brett vorm Kopp Ffm"]

1. f4 b6 2. Nf3 Bb7 3. g3 f5 4. Bg2 Nf6 5. b3 g6 6. Bb2 Bg7 7. O-O O-O 8. e3 c5 9. 
d3 Nc6 10. Nbd2 d5 11. Re1 Qd7 12. Ne5 Nxe5 13. Bxe5 Ng4 14. Bxg7 Kxg7 15. h3 Nh6 
16. Nf3 Nf7 17. d4 Rac8 18. Rc1 Rc7 19. Qd2 Rfc8 20. c3 a5 21. a4 b5 22. axb5 Qxb5 
23. Bf1 Qb6 24. dxc5 Rxc5 25. Qd4+ Qf6 26. Ne5 Nxe5 27. fxe5 Qc6 28. Bg2 Rxc3 29. 
e6+ Kg8 30. Ra1 Qc5 31. Qe5 Rxb3 32. Rec1 Rxe3 33. Rxc5 Rxe5 34. Rxc8+ Bxc8 35. 
Rxa5 Bxe6 36. Kf2 Kf7 37. h4 Kf6 38. Ra6 h6 39. Rb6 g5 40. hxg5+ hxg5 41. Ra6 f4 
42. gxf4 gxf4 43. Kf3 Kg5  0-1

[Event "ch-Frankfurt A"]
[White "Gutacker, Stephan"]
[Black "Rondonuwu, Grover"]
[Site "Frankfurt"]
[Result "0-1"]
[Round "7.6"]
[WhiteElo "1932"]
[BlackElo "2015"]
[PlyCount "300"]
[Date "2024.06.17"]
[Time "18:30:00"]
[WhiteTeam "Sfr.1932 Kelkheim"]
[BlackTeam "Sabt Frankfurter TV 1860"]

1. e4 c5 2. c3 g6 3. d4 cxd4 4. cxd4 d5 5. Nc3 dxe4 6. Nxe4 Bg7 7. Bb5+ Bd7 8. Bxd7+ 
Nxd7 9. Nf3 Ngf6 10. Nxf6+ Nxf6 11. O-O O-O 12. Be3 Rc8 13. Qb3 Qd5 14. Qxd5 Nxd5 
15. Rac1 Nxe3 16. fxe3 Bh6 17. Kf2 f6 18. Ke2 Kf7 19. Rc3 Ke6 20. Rfc1 Kd7 21. Kd3 
e6 22. R1c2 Rc6 23. Rxc6 bxc6 24. e4 Rb8 25. b3 Rb5 26. Rc5 Rxc5 27. dxc5 e5 28. 
g4 Bc1 29. Kc4 Ke6 30. b4 a6 31. a4 f5 32. gxf5+ gxf5 33. exf5+ Kxf5 34. b5 axb5+ 
35. axb5 cxb5+ 36. Kxb5 Bf4 37. h3 e4 38. Nd4+ Ke5 39. Ne2 Bh2 40. Kc4 Kf5 41. Kd4 
Bb8 42. Nc3 Be5+ 43. Kc4 Kf4 44. Nd1 Kf3 45. Kd5 Bf4 46. Kd4 h5 47. c6 h4 48. Nc3 
e3 49. Kd3 Bb8 50. Ne2 Kf2 51. Nc1 Bc7 52. Ne2 Bb6 53. Nc1 Kg3 54. c7 Bxc7 55. Ne2+ 
Kf2 56. Nc1 Bb6 57. Ne2 Ba7 58. Nf4 Kg3 59. Ke4 Bb6 60. Ne2+ Kf2 61. Kd3 Bc7 62. 
Nc1 Bf4 63. Ne2 Bh6 64. Nd4 Kf1 65. Nc2 e2 66. Ke4 Kf2 67. Kf5 Kg3 68. Ke4 Bd2 69. 
Kd3 e1Q 70. Nxe1 Bxe1 71. Ke2 Bf2 72. Kf1 Bd4  0-1

[Event "ch-Frankfurt A"]
[White "Casagrande, Thomas, Dr."]
[Black "Ewers, Christian"]
[Site "Frankfurt"]
[Result "1-0"]
[Round "7.7"]
[WhiteElo "2015"]
[BlackElo "1820"]
[PlyCount "300"]
[Date "2024.06.17"]
[Time "18:30:00"]
[WhiteTeam "Sabt Frankfurter TV 1860"]
[BlackTeam "vereinslos"]

1. e4 d6 2. d4 c6 3. Nc3 a6 4. a4 b6 5. Bd3 Qc7 6. Nf3 e5 7. h3 Ne7 8. O-O Ng6 9. 
b4 Be7 10. Be3 Nd7 11. b5 Nf6 12. Bg5 cxb5 13. Bxf6 Qxc3 14. Bxe7 Kxe7 15. axb5 
a5 16. Ra4 Bd7 17. dxe5 dxe5 18. Bc4 Nf4 19. Ng5 Rhf8 20. Nxf7 Rxf7 21. Bxf7 Bxh3 
22. Rc4 Qa3 23. Rc7+ Kf8 24. gxh3 Nxh3+ 25. Kh2 Ng5 26. Bb3 a4 27. Qd5 axb3 28. 
f4  1-0

[Event "ch-Frankfurt A"]
[White "Rutsatz, Mario"]
[Black "Dolidze, David"]
[Site "Frankfurt"]
[Result "1-0"]
[Round "7.8"]
[WhiteElo "1948"]
[BlackElo "1593"]
[PlyCount "300"]
[Date "2024.06.17"]
[Time "18:30:00"]
[WhiteTeam "SC 1961 König Nied"]
[BlackTeam "SC Eschborn 1974"]

1. d4 Nf6 2. Nf3 g6 3. c4 Bg7 4. Nc3 O-O 5. h3 d6 6. Bf4 d5 7. e3 c5 8. dxc5 Qa5 
9. Rc1 dxc4 10. Bxc4 Qxc5 11. Bb3 Nc6 12. O-O Qa5 13. Qe2 b6 14. e4 Ba6 15. Bc4 
Bxc4 16. Qxc4 Rac8 17. Nd5 Nh5 18. Bd2 Qc5 19. Qxc5 bxc5 20. Rxc5 e6 21. Rxc6 exd5 
22. exd5 Rcd8 23. g4 Nf6 24. Bg5 Rxd5 25. Bxf6  1-0

[Event "ch-Frankfurt A"]
[White "Zimmer, Gerald, Dr."]
[Black "Fröhlich-Dill, Astrid"]
[Site "Frankfurt"]
[Result "1-0"]
[Round "7.10"]
[WhiteElo "1944"]
[BlackElo "1889"]
[PlyCount "300"]
[Date "2024.06.17"]
[Time "18:30:00"]
[WhiteTeam "SC Bergen-Enkheim 1922"]
[BlackTeam "SV 1920 Hofheim"]

1. d4 Nf6 2. Nf3 e6 3. g3 c5 4. Bg2 Nc6 5. c3 Be7 6. O-O d5 7. Re1 O-O 8. a4 c4 9. 
Nbd2 Bd7 10. e4 Nxe4 11. Nxe4 dxe4 12. Rxe4 Na5 13. Ne5 f5 14. Nxd7 Qxd7 15. Re1 
Nb3 16. Rb1 Nxc1 17. Rxc1 Rad8 18. Qe2 Rf6 19. Qxc4 Rc8 20. Qb3 Rc7 21. Re2 Kf8 
22. Rce1 e5 23. Rxe5 Rb6 24. Qc2 Qc8 25. Rxf5+ Bf6 26. Rf4 g5 27. Rfe4 Kg7 28. Qe2 
Qf5 29. Re8 Rf7 30. Be4 Qd7 31. Bd3 Qh3 32. a5 Rd6 33. Qe4 Bd8 34. Bc4 Rf5 35. Be6 
Rxe6 36. Qxe6 Bf6 37. Re4 Kg6 38. Re5 Qg4 39. Qxf5+ Qxf5 40. Rxf5 Kxf5 41. Rf8  1-0

[Event "ch-Frankfurt A"]
[White "Veenstra, Sander"]
[Black "Sadeghi, Behrang"]
[Site "Frankfurt"]
[Result "0-1"]
[Round "7.11"]
[WhiteElo "1943"]
[BlackElo "2228"]
[PlyCount "300"]
[Date "2024.06.17"]
[Time "18:30:00"]
[WhiteTeam "SC Bad Soden"]
[BlackTeam "SK Bad Homburg 1927"]

1. e4 c6 2. d3 d5 3. Nd2 e5 4. Ngf3 Nd7 5. Be2 Ngf6 6. c3 Bd6 7. Qc2 O-O 8. O-O Re8 
9. Re1 Nf8 10. Nf1 Ng6 11. Ne3 h6 12. g3 Qc7 13. Bf1 Bd7 14. Bd2 Rad8 15. Rad1 Bc8 
16. Bc1 Bf8 17. Bg2 b5 18. Nf5 Bc5 19. Be3 Bxe3 20. Rxe3 Bxf5 21. exf5 Nf8 22. Rde1 
N8d7 23. b3 c5 24. c4 bxc4 25. bxc4 d4 26. R3e2 e4 27. dxe4 Ng4 28. Rd1 Nge5 29. 
Ne1 Nb6 30. Nd3 Nbxc4 31. Nf4 Nb6 32. Red2 Qd6 33. Qc1 Rc8 34. Qa1 Nec4 35. Rd3 
a5 36. Ne2 Ne5 37. R3d2 Qe7 38. Nf4 Nec4 39. Rd3 a4 40. Rb1 Qd6 41. Rbd1 Ne5 42. 
R3d2 Red8 43. h3 a3 44. Qc1 Nec4 45. Rc2 Nb2 46. Rdd2 d3 47. Rc3 c4 48. Nd5 Nxd5 
49. exd5 f6 50. Be4 Qf8 51. Kg2 Kh8 52. f3 Qc5  0-1

[Event "ch-Frankfurt A"]
[White "Schweitzer, Stefan"]
[Black "Noble, Fabian"]
[Site "Frankfurt"]
[Result "1/2-1/2"]
[Round "7.12"]
[WhiteElo "1833"]
[BlackElo "2060"]
[PlyCount "300"]
[Date "2024.06.17"]
[Time "18:30:00"]
[WhiteTeam "SF Frankfurt 1921"]
[BlackTeam "vereinslos"]

1. c4 c5 2. g3 Nf6 3. Bg2 e6 4. Nc3 Be7 5. e4 O-O 6. Nge2 a6 7. O-O Nc6 8. d4 cxd4 
9. Nxd4 Qc7 10. Nxc6 dxc6 11. Qe2 e5 12. h3 b5 13. Be3 Be6 14. b3 bxc4  1/2-1/2

[Event "ch-Frankfurt A"]
[White "Raumanns, Niklas"]
[Black "Hochmuth, Christian"]
[Site "Frankfurt"]
[Result "1/2-1/2"]
[Round "7.14"]
[WhiteElo "1844"]
[BlackElo "1996"]
[PlyCount "300"]
[Date "2024.06.17"]
[Time "18:30:00"]
[WhiteTeam "SC Bergen-Enkheim 1922"]
[BlackTeam "Schachdrachen Büdingen-Wächtersb"]

1. b3 d5 2. Bb2 Bf5 3. e3 e6 4. Nf3 Nf6 5. Be2 h6 6. O-O Bd6 7. c4 c6 8. d4 O-O 9. 
Nbd2 Nbd7 10. Ne5 Ne4 11. Nxe4 Bxe4 12. f3 Bh7 13. Bd3 Bxd3 14. Nxd3 f5 15. Qe2 
Qc7 16. f4 Kh7 17. cxd5 exd5  1/2-1/2

[Event "ch-Frankfurt A"]
[White "Diehl, Felix"]
[Black "Döhne, Vincent"]
[Site "Frankfurt"]
[Result "1/2-1/2"]
[Round "7.15"]
[WhiteElo "1867"]
[BlackElo "1623"]
[PlyCount "300"]
[Date "2024.06.17"]
[Time "18:30:00"]
[WhiteTeam "SC Matt im Park Ffm"]
[BlackTeam "SC 1979 Hattersheim"]

1. e4 c6 2. d4 d5 3. Nc3 dxe4 4. Nxe4 Bf5 5. Ng3 Bg6 6. Nf3 Nd7 7. h4 h6 8. Bd3 Bxd3 
9. Qxd3 e6 10. Bf4 Ngf6 11. O-O-O Nd5 12. Bd2 a5 13. a3 Qc7 14. Ne4 Be7 15. g4 O-O-O 
16. g5 Nf4 17. Bxf4 Qxf4+ 18. Kb1 Nc5 19. Nxc5 Bxc5 20. Qe3 Bd6 21. Qxf4 Bxf4 22. 
c3 Rd5 23. gxh6 Rxh6 24. Rhg1  1/2-1/2

[Event "ch-Frankfurt A"]
[White "Diehl, Stefan"]
[Black "Lopez Fuertes, Victor"]
[Site "Frankfurt"]
[Result "1-0"]
[Round "7.17"]
[WhiteElo "1863"]
[BlackElo "1747"]
[PlyCount "300"]
[Date "2024.06.17"]
[Time "18:30:00"]
[WhiteTeam "SC Eschborn 1974"]
[BlackTeam "SC 1910 Höchst"]

1. f4 e6 2. Nf3 c5 3. e3 d6 4. b3 Nf6 5. Bb2 Nbd7 6. Be2 b6 7. O-O Bb7 8. Qe1 a6 
9. d3 d5 10. Ne5 Be7 11. Qg3 O-O 12. Nd2 Nxe5 13. Bxe5 Ne8 14. Nf3 f6 15. Bb2 Nd6 
16. Nh4 Nf5 17. Nxf5 exf5 18. Bf3 Rb8 19. Qf2 Bc8 20. c4 Be6 21. Rad1 dxc4 22. dxc4 
Qc7 23. Bd5 Bxd5 24. Rxd5 g6 25. Rfd1 Rbd8 26. Qf3 Kg7 27. g4 Rxd5 28. Rxd5 fxg4 
29. Qxg4 Rd8 30. Qe6 Rxd5 31. cxd5 Qd6 32. Bxf6+ Kf8 33. Bxe7+ Qxe7 34. Qxe7+ Kxe7 
35. e4 Kd6 36. Kf2 b5 37. Ke2 a5 38. Kd3 h6 39. h4 h5 40. Kc3  1-0

[Event "ch-Frankfurt A"]
[White "Kulkovets, Roman"]
[Black "Gärtner, Peter"]
[Site "Frankfurt"]
[Result "1-0"]
[Round "7.18"]
[WhiteElo "1685"]
[BlackElo "1764"]
[PlyCount "300"]
[Date "2024.06.17"]
[Time "18:30:00"]
[WhiteTeam "SAbt TuS Makkabi Ffm"]
[BlackTeam "Sfr.Mainz 1928"]

1. e4 c5 2. Nc3 Nc6 3. Nf3 e6 4. d4 cxd4 5. Nxd4 a6 6. Be3 Be7 7. g3 Nf6 8. Bg2 O-O 
9. O-O d6 10. Qe2 Nxd4 11. Bxd4 e5 12. Be3 Be6 13. Rad1 Qc7 14. Rfe1 Rfd8 15. Bg5 
Rac8 16. Kh1 h6 17. Bxf6 Bxf6 18. Qd3 Bc4 19. Qf3 Qe7 20. Bh3 Rc6 21. Bf1 Be6 22. 
Bd3 Qd7 23. Qe2 g6 24. Nd5 Bg7 25. c4 f6 26. Rc1 Qf7 27. f4 Bxd5 28. exd5 Rcc8 29. 
f5 g5 30. Qe3 Qc7 31. Be2 b6 32. Kg2 Rb8 33. b4 Qd7 34. Qd3 Rdc8 35. Rc2 a5 36. 
a3 Ra8 37. Rb1 Qa7 38. bxa5 bxa5 39. Rb5 Rab8 40. Rcb2 Rxb5 41. Rxb5 Rc5 42. Qb3 
Rxb5 43. cxb5 Qb6 44. Qc3 Qc5 45. Qxc5 dxc5 46. d6 Bf8 47. d7 Be7 48. b6 Bd8 49. 
b7  1-0

[Event "ch-Frankfurt A"]
[White "Stricker, Konstantin"]
[Black "Rotermund, Verena"]
[Site "Frankfurt"]
[Result "0-1"]
[Round "7.19"]
[WhiteElo "1799"]
[BlackElo "1765"]
[PlyCount "300"]
[Date "2024.06.17"]
[Time "18:30:00"]
[WhiteTeam "SC Eschbach im Usinger Land"]
[BlackTeam "Vorw.Orient Mainz"]

1. e4 e6 2. d4 d5 3. Nc3 Nf6 4. e5 Nfd7 5. f4 c5 6. Nf3 Nc6 7. Be3 Be7 8. Be2 O-O 
9. O-O f6 10. a3 a5 11. Qe1 cxd4 12. Nxd4 Nxd4 13. Bxd4 Bc5 14. Bxc5 Nxc5 15. Kh1 
Bd7 16. b4 Na6 17. b5 Nc5 18. a4 fxe5 19. fxe5 Qg5 20. Rxf8+ Rxf8 21. Bd3 Be8 22. 
Nd1 Nd7 23. Qxa5 Nxe5 24. Qe1 Bh5 25. Nf2 Qf6 26. Kg1 Qg5 27. Be2 Bf3 28. Qf1 Be4 
29. Bd3 Nf3+ 30. Kh1 Bxd3 31. cxd3 Nh4 32. Ra2 Nf5 33. Re2 Qh6 34. Kg1 Nd4 35. Re1 
Qg6 36. Kh1 b6 37. Re3 Qf6 38. Kg1 e5 39. g3 Nf3+ 40. Kg2 Ng5 41. Qe1 d4 42. Re2 
Qf3+ 43. Kg1 Qf5 44. Kg2 h5 45. Rxe5 Qf3+ 46. Kf1 Nh3 47. Re8 Qh1+ 48. Ke2 Rxe8+ 
 0-1

[Event "ch-Frankfurt A"]
[White "Leitzig, Reamonn Franky James"]
[Black "Erbach, Jürgen"]
[Site "Frankfurt"]
[Result "0-1"]
[Round "7.20"]
[WhiteElo "1748"]
[BlackElo "1590"]
[PlyCount "300"]
[Date "2024.06.17"]
[Time "18:30:00"]
[WhiteTeam "SV 1934 Ffm-Griesheim"]
[BlackTeam "Sfr.1932 Kelkheim"]

1. e4 e6 2. d4 d5 3. Nd2 dxe4 4. Nxe4 Nf6 5. Nxf6+ gxf6 6. Be3 Nc6 7. Qd2 h5 8. a3 
b6 9. Bb5 Qd5 10. c4 Qxg2 11. d5 Qxh1 12. Bxc6+ Bd7 13. Bxd7+ Kxd7 14. dxe6+ Kxe6 
15. f3 Bd6 16. Qd5+ Ke7 17. O-O-O Qxh2 18. Re1 Be5 19. Re2 Qh1 20. Bd4 Rhd8 21. 
Rxe5+ Kf8 22. Qe4 fxe5 23. Qxe5 Qh4 24. Qh8+ Ke7 25. Qe5+ Kd7 26. Qd5+ Ke8 27. Qc6+ 
Kf8 28. Qh6+ Ke7 29. Qe3+ Kd7 30. Ne2 Qe1+ 31. Kc2 Re8 32. Qf4 Qxe2+ 33. Kb3 Qe6 
{Zeitüberschreitung}  0-1

[Event "ch-Frankfurt A"]
[White "Philipp, Nils"]
[Black "Rauscher, Joachim"]
[Site "Frankfurt"]
[Result "1-0"]
[Round "7.21"]
[WhiteElo "1907"]
[BlackElo "1798"]
[PlyCount "300"]
[Date "2024.06.17"]
[Time "18:30:00"]
[WhiteTeam "Sabt Frankfurter TV 1860"]
[BlackTeam "SC Brett vorm Kopp Ffm"]

1. d4 d5 2. Nf3 Nf6 3. c3 e6 4. Bf4 Be7 5. h3 O-O 6. e3 b6 7. Bd3 Bb7 8. Nbd2 Nbd7 
9. O-O c5 10. a4 c4 11. Bb1 a6 12. b4 b5 13. a5 Rc8 14. Qc2 g6 15. Ra2 Nb8 16. Ne5 
Nc6 17. Ndf3 Nh5 18. Bh6 Ng7 19. Qe2 Nxe5 20. Nxe5 Bd6 21. f4 Qh4 22. Bg5 Qh5 23. 
g4 Qxh3 24. Rf3 Qxf3 25. Nxf3 f5 26. Ne5 Bxe5 27. fxe5 fxg4 28. Qxg4 Nf5 29. Bf4 
Rf7 30. Rg2 Rcf8 31. Qh3 Nxe3 32. Bxe3 Rf1+ 33. Kh2 Rxb1 34. Qxe6+  1-0

[Event "ch-Frankfurt A"]
[White "Held, Bernhard"]
[Black "Müller, Jens"]
[Site "Frankfurt"]
[Result "1/2-1/2"]
[Round "7.22"]
[WhiteElo "1899"]
[BlackElo "1688"]
[PlyCount "300"]
[Date "2024.06.17"]
[Time "18:30:00"]
[WhiteTeam "SK 1908 Göggingen"]
[BlackTeam "SV 1920 Hofheim"]

1. d4 d5 2. c4 e6 3. Nc3 Nf6 4. Nf3 b6 5. Bg5 Be7 6. e3 O-O 7. Bd3 dxc4 8. Bxc4 Bb7 
9. Qc2 Nbd7 10. e4 h6 11. Bh4 a6 12. O-O b5 13. Bd3 c5 14. dxc5 Nxc5 15. Rfd1 Nxd3 
16. Rxd3 Qc7 17. Bg3 Qc5 18. e5 Nd5 19. Qd2 Rfd8  1/2-1/2

[Event "ch-Frankfurt A"]
[White "Bittner, Peter"]
[Black "Leichum, Engelbert"]
[Site "Frankfurt"]
[Result "1-0"]
[Round "7.23"]
[WhiteElo "1892"]
[BlackElo "1508"]
[PlyCount "300"]
[Date "2024.06.17"]
[Time "18:30:00"]
[WhiteTeam "SC 1961 König Nied"]
[BlackTeam "vereinslos"]

1. e4 e5 2. Nf3 Bc5 3. c3 d5 4. d3 dxe4 5. Qa4+ Nc6 6. Qxe4 Nf6 7. Qc4 Qe7 8. b4 
Bb6 9. Be2 Be6 10. Qh4 h6 11. O-O O-O-O 12. b5 g5 13. Qa4 Na5 14. Nxe5 Bd5 15. d4 
Nd7 16. Bg4 Be6 17. Ba3 Qe8 18. Bxe6 Qxe6 19. Nxd7 Rxd7 20. Nd2 Re8 21. Nf3 Qd5 
22. Bb4 Nc4 23. Rae1 Rg8 24. Ne5 Rdd8 25. Nxc4 Qxc4 26. Qb3 Qxb5 27. Re5 Qd3 28. 
Qxf7 Rgf8 29. Bxf8  1-0

[Event "ch-Frankfurt A"]
[White "Börsch, Dieter"]
[Black "Münstermann, Matthias"]
[Site "Frankfurt"]
[Result "1/2-1/2"]
[Round "7.24"]
[WhiteElo "1764"]
[BlackElo "1787"]
[PlyCount "300"]
[Date "2024.06.17"]
[Time "18:30:00"]
[WhiteTeam "SK Bad Homburg 1927"]
[BlackTeam "SK Langen"]

1. d4 Nf6 2. c4 g6 3. Nc3 d5 4. cxd5 Nxd5 5. e4 Nxc3 6. bxc3 Bg7 7. Qa4+ Bd7 8. Qb3 
Bc8 9. Be3 O-O 10. Bd3 c5 11. Ne2 Nc6 12. Qb2 Ne5 13. Bb5 Ng4 14. Bd2 a6 15. Bc4 
b5 16. Bb3 Bb7 17. f3 Nf6 18. O-O e6 19. Be3 Rc8 20. a4 Ra8 21. axb5 axb5 22. Bc2 
Ba6 23. Rfd1 cxd4 24. Nxd4 Qb8 25. Rdb1 Rc8 26. Ra5 Qc7 27. Rxa6 Rxa6 28. Nxb5  1/2-1/2

[Event "ch-Frankfurt A"]
[White "Weber, Axel"]
[Black "Shanawaz Thabrez, Shahzaib"]
[Site "Frankfurt"]
[Result "1/2-1/2"]
[Round "7.25"]
[WhiteElo "1508"]
[BlackElo "1761"]
[PlyCount "300"]
[Date "2024.06.17"]
[Time "18:30:00"]
[WhiteTeam "SF Frankfurt 1921"]
[BlackTeam "SK Langen"]

1. d4 Nf6 2. c4 e6 3. Nc3 Bb4 4. a3 Bxc3+ 5. bxc3 d5 6. Bg5 c6 7. e3 Qa5 8. Bxf6 
Qxc3+ 9. Ke2 gxf6 10. cxd5 exd5 11. f3 Bf5 12. Kf2 Nd7 13. g4 Bg6 14. Ne2 Qa5 15. 
f4 Be4 16. Rg1 O-O-O 17. Ng3 Rde8 18. Bd3 Kc7 19. Qe2 Bxd3 20. Qxd3 Nb6 21. Rge1 
Re6 22. Nf5 Re4 23. Ng3 Ree8 24. Re2 Nd7 25. Rc2 h6  1/2-1/2

[Event "ch-Frankfurt A"]
[White "Ackermann, Robert"]
[Black "Sonntag, Chris"]
[Site "Frankfurt"]
[Result "0-1"]
[Round "7.27"]
[WhiteElo "1812"]
[BlackElo "1285"]
[PlyCount "300"]
[Date "2024.06.17"]
[Time "18:30:00"]
[WhiteTeam "SC Bad Soden"]
[BlackTeam "SK 1959 Bischofsheim"]

1. c4 Nf6 2. g3 e5 3. Bg2 Bc5 4. e3 O-O 5. Nc3 Nc6 6. Nge2 Re8 7. d3 d6 8. O-O Bd7 
9. h3 Qc8 10. Kh2 Ne7 11. e4 a6 12. Bg5 Kh8 13. Bxf6 gxf6 14. g4 Rg8 15. Ng3 c6 
16. Qe2 Rg6 17. f3 Bd4 18. Rab1 Be6 19. Nd1 d5 20. b3 dxc4 21. bxc4 b5 22. Nf5 Bxf5 
23. exf5 Nxf5 24. gxf5 Qxf5 25. f4 Rag8 26. Rf3 Rxg2+ 27. Qxg2 Rxg2+ 28. Kxg2 exf4 
29. cxb5 Qg5+ 30. Kf1 axb5 31. Nf2 f5 32. Rb4 Be3 33. Rb3 Qf6 34. Rb1 Qd6 35. Re1 
Qd5 36. Kg2 Qxa2 37. Kf1 b4 38. Nd1 Qd5 39. Ke2 Kg7 40. Nxe3 fxe3 41. Rxe3 Qg2+ 
42. Kd1 Kf6 43. R1e2 Qh1+ 44. Kc2 Qa1 45. d4 Qxd4 46. Rd3 Qc4+ 47. Kd2 b3 48. Rc3 
Qb4 49. Re1 c5 50. Rb1 c4 51. Rbc1 Ke5 52. Re1+ Kd4 53. Rec1 b2  0-1

[Event "ch-Frankfurt A"]
[White "Staeger, Tim"]
[Black "Hudobec, Nicolas"]
[Site "Frankfurt"]
[Result "1-0"]
[Round "7.28"]
[WhiteElo "1639"]
[BlackElo "1362"]
[PlyCount "300"]
[Date "2024.06.17"]
[Time "18:30:00"]
[WhiteTeam "SF Frankfurt 1921"]
[BlackTeam "SC Eschbach im Usinger Land"]

1. d4 Nf6 2. Nf3 g6 3. g3 Bg7 4. Bg2 O-O 5. O-O d6 6. c4 Nbd7 7. Nc3 c5 8. d5 Ng4 
9. Bd2 Nge5 10. Qb3 Nxf3+ 11. exf3 Rb8 12. a4 a6 13. f4 Nf6 14. Ne4 Ng4 15. Bc3 
f6 16. Qd1 Nh6 17. Re1 Nf5 18. Nd2 Re8 19. Nb3 e5 20. dxe6 Bxe6 21. Bd5 Qd7 22. 
Nxc5 dxc5 23. Bxe6+ Qxe6 24. Rxe6 Rxe6 25. Qd5 Rbe8 26. Re1  1-0

[Event "ch-Frankfurt A"]
[White "Bartsch, Marius, Dr."]
[Black "Winter, Olaf"]
[Site "Frankfurt"]
[Result "1-0"]
[Round "7.29"]
[WhiteElo "1750"]
[BlackElo "1639"]
[PlyCount "300"]
[Date "2024.06.17"]
[Time "18:30:00"]
[WhiteTeam "Wiesbadener SV 1885"]
[BlackTeam "SV Tübingen 1870 e.V."]

1. e4 c5 2. Nf3 g6 3. d3 Bg7 4. g3 e6 5. Bg2 Ne7 6. O-O Nbc6 7. Re1 O-O 8. c3 d5 
9. e5 h6 10. h4 b6 11. Nbd2 Nf5 12. Nf1 Qc7 13. Bf4 Bb7 14. g4 Nfe7 15. Qd2 Kh7 
16. d4 Qd8 17. N1h2 Na5 18. b3 Nec6 19. Bf1 Qe7 20. Rad1 cxd4 21. cxd4 Qa3 22. h5 
Ne7 23. Bd3 Nac6 24. g5 hxg5 25. Bxg5 Rfe8 26. Ng4 Ng8 27. Kg2 Nce7 28. hxg6+ Nxg6 
29. Rh1+ Nh6 30. Bxh6  1-0

[Event "ch-Frankfurt A"]
[White "Grinberg, Igor"]
[Black "Platt, Lukas"]
[Site "Frankfurt"]
[Result "1/2-1/2"]
[Round "7.30"]
[WhiteElo "1600"]
[BlackElo "1833"]
[PlyCount "300"]
[Date "2024.06.17"]
[Time "18:30:00"]
[WhiteTeam "SAbt TuS Makkabi Ffm"]
[BlackTeam "SC Flörsheim 1921"]

1. d4 e6 2. Nf3 Nf6 3. Bf4 c5 4. c3 Nc6 5. e3 d5 6. Nbd2 Nh5 7. Bg5 Be7 8. Bxe7 Qxe7 
9. Ne5 Nf6 10. Bb5 Bd7 11. Nxd7 Nxd7 12. O-O O-O 13. f4 f5 14. Rf3 Rf6 15. Rg3 a6 
16. Bd3 c4 17. Bc2 b5 18. Nf3 a5 19. a3 a4 20. Ng5  1/2-1/2

[Event "ch-Frankfurt A"]
[White "Teichmann, Martin"]
[Black "Kuckel, Michael, Dr."]
[Site "Frankfurt"]
[Result "0-1"]
[Round "7.31"]
[WhiteElo "1329"]
[BlackElo "1720"]
[PlyCount "300"]
[Date "2024.06.17"]
[Time "18:30:00"]
[WhiteTeam "SC 1922 Ketsch"]
[BlackTeam "SC Matt im Park Ffm"]

1. e4 c6 2. d4 d5 3. e5 Bf5 4. h4 h6 5. Bd3 Bxd3 6. Qxd3 e6 7. Nf3 c5 8. Qb5+ Nd7 
9. Qxb7 cxd4 10. Nxd4 Bc5 11. Nb5 Rb8 12. Nc7+ Kf8 13. Qc6 Rb6 14. Nxe6+ fxe6 15. 
Qa4 Rb4 16. Qc6 Re4+ 17. Be3 Rxe5 18. O-O Bxe3 19. fxe3+ Ngf6 20. Nc3 Ke7 21. Nb5 
Qb6 22. Nxa7 Qxa7  0-1